000 00615nam a2200229 a 4500
001 13416
003 BD-JhCC
005 20230923121349.0
008 230917b19882022bg |||| ||a| 000 0 b d
020 _a9789848025204
035 _a(BD-JhCC)13416
040 _aBD-JhCC
_dBD-JhCC
041 _abengali
082 _bMAN 2022
100 _aমনসুর,আবুল
245 _aনন্দলাল বসু /
_cআবুল মনসুর
260 _aঢাকা:
_bবাতিঘর;
_c2022.
300 _a56 p. :
_c18 cm.
651 _a Biography
_zNondolal
942 _2ddc
_cBK
999 _c13416
_d13416